|
|
|
|
| LEADER |
00000nam0a2200000 4500 |
| 001 |
291445 |
| 005 |
20231102000405.0 |
| 010 |
|
|
|a 9785991654586
|
| 035 |
|
|
|a (RuTPU)RU\TPU\book\316013
|
| 090 |
|
|
|a 291445
|
| 100 |
|
|
|a 20150414d2016 m y0rusy50 ca
|
| 101 |
0 |
|
|a rus
|
| 102 |
|
|
|a RU
|
| 105 |
|
|
|a a j 001zy
|
| 200 |
1 |
|
|a Математический анализ. Углубленный курс
|e учебник и практикум для академического бакалавриата
|f А. А. Никитин, В. В. Фомичев
|g Московский государственный университет им. М. В. Ломоносова (МГУ)
|
| 210 |
|
|
|a Москва
|c Юрайт
|d 2016
|
| 215 |
|
|
|a 461 с.
|c ил.
|
| 225 |
1 |
|
|a Бакалавр. Академический курс
|
| 320 |
|
|
|a Библиогр.: с. 452-456.
|
| 320 |
|
|
|a Предметный указатель: с. 457-460.
|
| 330 |
|
|
|a Данный учебник предназначен для желающих более глубоко освоить материал, входящий в курс математического анализа: основы теории множеств, числовые последовательности и ряды, непрерывность и дифференцируемость функций, определенный интеграл и т.д. Учебник содержит в конспективной форме материал, входящий в классический курс математического анализа для студентов первого курса, а также многочисленные теоремы, примеры и задачи, выходящие за рамки классического курса, но полезные для более глу^окогр и всестороннего изучения основ современной математики. Соответствует актуальным требованиям Федерального государственного образовательного стандарта высшего образования.Для студентов, обучающихся по математическим направлениям и специальностям. Учебник может быть рекомендован также преподавателем математическою анализа, ведущим дополнительные занятия, спецсеминары и факультативы, а также всем интересующимся данной дисциплиной.
|
| 606 |
1 |
|
|a Математический анализ
|2 stltpush
|3 (RuTPU)RU\TPU\subj\41236
|9 61042
|
| 610 |
1 |
|
|a множества
|
| 610 |
1 |
|
|a числовые последовательности
|
| 610 |
1 |
|
|a функции одной переменной
|
| 610 |
1 |
|
|a непрерывность
|
| 610 |
1 |
|
|a дифференцирование
|
| 610 |
1 |
|
|a дифференциальное исчисление
|
| 610 |
1 |
|
|a интегрирование
|
| 610 |
1 |
|
|a функциональные последовательности
|
| 610 |
1 |
|
|a ряды
|
| 610 |
1 |
|
|a функции многих переменных
|
| 610 |
1 |
|
|a практикумы
|
| 610 |
1 |
|
|a учебники
|
| 675 |
|
|
|a 517(075.8)
|v 4
|
| 700 |
|
1 |
|a Никитин
|b А. А.
|g Алексей Антонович
|
| 701 |
|
1 |
|a Фомичев
|b В. В.
|g Василий Владимирович
|
| 712 |
0 |
2 |
|a Московский государственный университет им. М. В. Ломоносова (МГУ)
|2 stltpush
|3 (RuTPU)RU\TPU\col\7
|
| 801 |
|
1 |
|a RU
|b 63413507
|c 20150414
|
| 801 |
|
2 |
|a RU
|b 63413507
|c 20161111
|g RCR
|
| 900 |
|
|
|a Математический анализ
|
| 942 |
|
|
|c BK
|
| 951 |
|
|
|l 8.1
|
| 959 |
|
|
|a 6/20150130
|d 3
|e 859,00
|f ЧЗТЛ:1
|f УФ:2
|
| 959 |
|
|
|a 104/20150825
|d 3
|e 819,00
|f ЧЗТЛ:1
|f УФ:2
|
| 959 |
|
|
|a 67/20160907
|d 5
|e 1059,00
|f УФ:5
|